| 000 | 00893cam a2200181 4500 | ||
|---|---|---|---|
| 001 | WB3710-46 | ||
| 008 | 000000n2001 000 0 eng u | ||
| 035 | _a(Sirsi) u111266 | ||
| 245 | _aFarmland price forecasts encourage optimism | ||
| 260 | _c2001 | ||
| 490 |
_aFarmers' Weekly _v134(9) 2-8 March 2001, 108(1) |
||
| 520 | _aIn its latest report, land market expert MMD predicts a 3% decrease in farmland prices in 2001. However, it goes on to forecast a recovery by the end of 2003, with prices matching 1997 levels. The full text of "MMD's Forecasts for Agricultural Land Prices (2001 to 2003) report" will be available in the spring 2001 edition of "Farmland Market". Alternatively, contact Andrew Shirley on: 020 8652 4920; email: [email protected]. Graph. | ||
| 590 | _aWB | ||
| 650 | _aFARMLAND PRICES | ||
| 650 | _aFORECASTS | ||
| 690 | _aRURAL-MARKET | ||
| 942 | _n0 | ||
| 999 |
_c66295 _d66295 |
||